000 00319 a2200109 4500
001 ART_17250
005 20260410161600.0
008 260409a
245 1 0 _aLa docencia de la contabilidad
100 1 _aTua Pereda, Jorge
773 0 _tProfesional & Empresaria
_g- Año XIV, Nº 166 (jul. 2013)
_wREV70
999 _c9588
_d9588